Worhshop drawing

Bibliographic Details
Main Author: Cain, Tubal
Format: Book
Published: England : Argus Books , 1988
Series:Workshop practice series.no 13
Subjects:

MARC

LEADER 00000cam a2200000 7i4500
001 0000002604
002 000002831
005 20000330.0
020 |a 0852428677 
090 0 0 |a 604.2   |b CAI 
100 1 |a Cain, Tubal 
245 1 0 |a Worhshop drawing   |c Tubal Cain 
260 |a England :   |b Argus Books ,   |c 1988 
300 |a 110p. :   |b ill ;   |c 20cm. 
490 0 |a Workshop practice series.no 13 
650 0 0 |a Engineering graphics 
650 0 0 |a Mechanical drawing 
999 |a 036311   |b BUKU   |c PINJAMAN   |e PERPUSTAKAAN KOMUNITI PETALING JAYA